Handbook of Egyptian antiquities, collected by Professor Flinders Petrie, exhibited at University College.
Saved in:
Corporate Author:
Format: Book
Language: English
Published:
London :
The College,
[1915].
Subjects:
Tags: Add Tag
No Tags, Be the first to tag this record!
Call Number: DT58.9 .L66 1915
| LEADER | 00765nam a2200241 i 4500 | ||
|---|---|---|---|
| 001 | 9369 | ||
| 003 | OSt | ||
| 005 | 20260503125038.0 | ||
| 008 | 130303s1915 enk 000 0beng d | ||
| 010 | |a 77353593 | ||
| 040 | |c ARCE Library | ||
| 043 | |a f-ua--- | ||
| 050 | 4 | |a DT58.9 .L66 1915 | |
| 110 | 2 | |a University College, London. | |
| 245 | 1 | 0 | |a Handbook of Egyptian antiquities, collected by Professor Flinders Petrie, exhibited at University College. |
| 264 | 1 | |a London : |b The College, |c [1915]. | |
| 300 | |a 55 pages ; |c 20 cm. | ||
| 600 | 1 | 0 | |a Petrie, W. M. Flinders |q (William Matthew Flinders), |d 1853-1942. |
| 651 | 0 | |a Egypt |x Antiquities |v Exhibitions. | |
| 740 | 0 | |a Handbook of Egyptian antiquities. | |
| 901 | |a reviewed | ||
| 942 | |c BK |2 lcc | ||
| 999 | |c 11925 |d 11925 | ||
